V Semana Internacional de Estudios Sociales : comunicación social y relaciones públicas / Diputación Provincial de Barcelona. Instituto de Ciencias Sociales comunicación social y relaciones públicas / Diputación Provincial de Barcelona. Instituto de Ciencias Sociales
MARC
| LEADER | 00000nam a2200000Ia 4500 | ||
|---|---|---|---|
| 001 | 18861 | ||
| 008 | 160829s1967 xx 000 0 cat d | ||
| 080 | |a FU-1-2 | ||
| 100 | |a Semana Internacional de Estudios Sociales (5a : 1967 : Barcelona) |9 40327 | ||
| 245 | |a V Semana Internacional de Estudios Sociales : |b comunicación social y relaciones públicas / Diputación Provincial de Barcelona. Instituto de Ciencias Sociales | ||
| 260 | |a Barcelona : |b la Diputación, |c 1967 | ||
| 300 | |a 3 p. ; |c 22 cm | ||
| 590 | |a És el programa programa. | ||
| 590 | |a Prové de A-988, exp. 2 | ||
| 650 | |a Relacions públiques |x Congressos |9 47594 | ||
| 650 | |a Comunicació |x Aspectes socials |x Congressos |9 47595 | ||
| 710 | 1 | |a Barcelona (Catalunya : Província). |b Diputació |9 52408 | |
| 710 | 2 | |a Instituto de Ciencias Sociales (Barcelona, Catalunya) |9 54508 | |
| 901 | |a Arxiu | ||
| 942 | |n 1 | ||
| 952 | |0 0 |1 0 |4 0 |6 FU12 |7 1 |9 53991 |a Arxiu |b Arxiu |d 2016-12-01 |l 0 |o FU-1-2 |p 18861 |r 2016-12-01 00:00:00 |w 2016-12-01 |y ARXIU | ||
| 999 | |c 57858 |d 57858 | ||